|
|
|
|
| LEADER |
00000cam a2200000 a 4500 |
| 001 |
vtls001076790 |
| 003 |
SK-MaSNL |
| 005 |
20260301111109.0 |
| 008 |
250414s1994 xo 00000 slo |
| 015 |
|
|
|a SNBA1994/11
|
| 020 |
|
|
|a 8096709960
|q (brož.)
|
| 035 |
|
|
|a SNK000019623
|
| 035 |
|
|
|a urn:nbn:sk:snk-amjb0y
|
| 035 |
|
|
|a urn:nbn:sk:snk-am003mci
|
| 035 |
|
|
|a 68DB8798-839E-45D3-85F3-7247F99BA0DF
|
| 040 |
|
|
|a SNK
|b slo
|c SNK
|e AACR2
|
| 041 |
1 |
|
|a slo
|h spa
|
| 044 |
|
|
|a xo
|c SK
|
| 080 |
|
|
|a 232.3
|2 1981
|
| 100 |
1 |
|
|a Tardif, Emiliano
|4 aut
|9 40992
|
| 245 |
1 |
0 |
|a Ježiš je Mesiáš
|c Emiliano Tardif, José H. Prado Flores ; [zo španielskeho originálu preložili Štefan Gregorovič a Gizela Gregorovičová]
|
| 250 |
|
|
|a 1. vyd.
|
| 260 |
|
|
|a Zvolen
|b Jas
|c 1994
|e S.l.FATIMA
|f FATIMA
|
| 300 |
|
|
|a 125 s.
|c 20 cm
|
| 700 |
1 |
|
|a Prado Flores, José H
|4 aut
|9 46394
|
| 700 |
1 |
|
|a Gregorovič, Štefan
|c (náboženský spisovateľ)
|4 trl
|9 43991
|
| 700 |
1 |
|
|a Gregorovičová, Gizela
|4 trl
|9 450031
|
| 852 |
|
|
|a Slovenská národná knižnica
|
| 919 |
|
|
|a 80-967099-6-0
|
| 958 |
|
|
|a SK
|
| 958 |
|
|
|a NT
|
| 958 |
|
|
|a OP
|
| 958 |
|
|
|a TL
|
| 968 |
|
|
|a SLO
|b ESP
|
| 999 |
|
|
|c 705487
|d 707417
|
| 952 |
|
|
|t P60, <04>, [BOOK], {604}
|a SNK
|b SNK
|y VYP
|7 0
|p 17A0102628
|o snkSD 66735 D1
|i snkKSP 10096/94
|0 0
|1 0
|4 0
|d 1997-10-09
|f 1
|l 0
|r 2004-12-31 00:00:00
|w 2026-02-23
|
| 952 |
|
|
|a SNK
|b SNK
|y PREZ
|7 0
|p 17A1021029
|o snkSD 66735
|0 0
|1 0
|4 0
|d 2013-07-17
|l 0
|r 2026-02-23 21:14:05
|w 2026-02-23
|